Detalles MARC
| 000 -CABECERA |
| campo de control de longitud fija |
01113cam a22002531 4500 |
| 001 - NÚMERO DE CONTROL |
| campo de control |
000019939 |
| 005 - FECHA Y HORA DE LA ÚLTIMA TRANSACCIÓN |
| campo de control |
20200929170211.0 |
| 008 - DATOS DE LONGITUD FIJA--INFORMACIÓN GENERAL |
| campo de control de longitud fija |
750625m19601968pr 000 0 spa |
| 010 ## - NÚMERO DE CONTROL DE LA BIBLIOTECA DEL CONGRESO |
| Número de control de LC |
70452601 |
| 025 ## - NÚMERO DE ADQUISICIÓN EXTRANJERO |
| Número de adquisición extranjero |
LACAP69-5102 (v.1) |
| 035 ## - NÚMERO DE CONTROL DEL SISTEMA |
| Número de control de sistema |
(OCoLC)1410491 |
| 040 ## - FUENTE DE LA CATALOGACIÓN |
| Centro catalogador/agencia de origen |
DO-SdBNP |
| Centro/agencia transcriptor |
NNCU-G |
| Centro/agencia modificador |
OCoLC |
| -- |
DLC |
| 042 ## - CÓDIGO DE AUTENTICACIÓN |
| Código de autenticación |
premarc |
| 050 00 - SIGNATURA TOPOGRÁFICA DE LA BIBLIOTECA DEL CONGRESO |
| Número de clasificación |
PQ7439 |
| Número de documento/Ítem |
.M8 1960 |
| 100 2# - ENTRADA PRINCIPAL--NOMBRE DE PERSONA |
| Nombre de persona |
Munoz Rivera, Luis, |
| Fechas asociadas al nombre |
1859-1916. |
| 9 (RLIN) |
42520 |
| 245 10 - MENCIÓN DE TÍTULO |
| Título |
Obras completas. / |
| Mención de responsabilidad, etc. |
Introd., notas y recopilacion de Lidio Cruz Monclova. |
| 260 ## - PUBLICACIÓN, DISTRIBUCIÓN, ETC. |
| Lugar de publicación, distribución, etc. |
San Juan de Puerto Rico, : |
| Nombre del editor, distribuidor, etc. |
Instituto de Cultura Puertorriquena, |
| Fecha de publicación, distribución, etc. |
1960-<1968 >. |
| 300 ## - DESCRIPCIÓN FÍSICA |
| Extensión |
v. <1-7 > ; |
| Dimensiones |
22 cm. |
| 505 0# - NOTA DE CONTENIDO CON FORMATO |
| Nota de contenido con formato |
[1] Prosa : enero-diciembre, 1893 -- [2] Prosa : septiembre-diciembre, 1895 -- [3] Prosa : enero-diciembre, 1892 -- [4] Prosa : enero-diciembre, 1894 -- [5] Prosa : enero-septiembre, 1896 -- [6] Prosa : febrero-diciembre, 1890 -- [7] Prosa : febrero-diciembre, 1897 -- |
| 650 #0 - PUNTO DE ACCESO ADICIONAL DE MATERIA--TÉRMINO DE MATERIA |
| Término de materia o nombre geográfico como elemento de entrada |
Puerto rican literature. |
| 9 (RLIN) |
39578 |
| 700 2# - PUNTO DE ACCESO ADICIONAL--NOMBRE DE PERSONA |
| Nombre de persona |
Fernandez Mendez, Eugenio, |
| Término indicativo de función/relación |
ed. |
| 9 (RLIN) |
16240 |
| 700 2# - PUNTO DE ACCESO ADICIONAL--NOMBRE DE PERSONA |
| Nombre de persona |
Cruz Monclova, Lidio, |
| Término indicativo de función/relación |
comp. |
| 9 (RLIN) |
39807 |
| 910 ## - DATOS DE OPCIÓN DEL USUARIO (OCLC) |
| Datos de opción del usuario |
Catalogación derivada / LC |